Animated Movies by Picture - K - Statistics

General Stats
  • This quiz has been taken 369 times
  • The average score is 4 of 12
Answer Stats
Picture Answer % Correct
Kung Fu Panda
99%
Kim Possible Movie: So the Drama
83%
Kiki’s Delivery Service
50%
Klaus
50%
Kronk's New Groove
35%
Kubo and the Two Strings
32%
Killer Bean Forever
17%
Kirikou and the Sorceress
14%
Kaguya-sama: Love is War
11%
Kingsglaive: Final Fantasy XV
4%
Koala Kid
4%
The King and the Mockingbird
4%
No matching quizzes found
Score Distribution
Percent of People with Each Score
Percentile by Number Answered
Your Score History
You have not taken this quiz